| 000 | 00475nam a2200169Ia 4500 | ||
|---|---|---|---|
| 999 |
_c35425 _d35425 |
||
| 003 | OSt | ||
| 005 | 20201209125852.0 | ||
| 008 | 190216s9999||||xx |||||||||||||| ||und|| | ||
| 040 | _coclc | ||
| 082 |
_a332.671530 _bKAP/N |
||
| 100 |
_aKapoor, G L _97350 |
||
| 245 | 0 |
_aNIF Weekly / _cG L Kapoor |
|
| 260 |
_bAcademic Foundation, _c1972. |
||
| 300 | _a400p | ||
| 650 | _aGeneral Collections | ||
| 942 |
_cREF _2ddc _h332.671530 _iKAP/N _k332.671530 _mKAP/N |
||